Posúdenie bezpečnosti na vybranom pracovisku v spoločnosti IRON MOUNTAIN SLOVAKIA, s.r.o.

Saved in:
Bibliographic Details
Main Author: Knap, Michal (Author)
Other Authors: Szabová, Zuzana (Thesis advisor)
Format: Manuscript Book
Language:Slovak
Published: 2019
Subjects:
Online Access:http://is.stuba.sk/zp/portal_zp.pl?podrobnosti=144136
Tags: Add Tag
No Tags, Be the first to tag this record!

MARC

LEADER 00000ntm a22000003a 4500
001 stuzp74064
003 SK-STU
005 20190608212810.4
007 ta
008 150427s2015----xo-----f-mn---000-0-slo-d
040 |a STU  |b slo 
041 0 |a slo 
100 1 |a Knap, Michal  |u 065000  |4 aut  |U MTF Materiálovotechnologická fakulta  |T MTF Ústav integrovanej bezpečnosti  |X 25995  |U M5000  |Y 85  |7 25995 
242 0 1 |a Risk assessment of selected workplace at IRON MOUNTAIN SLOVAKIA, s.r.o.  |y eng 
245 1 0 |a Posúdenie bezpečnosti na vybranom pracovisku v spoločnosti IRON MOUNTAIN SLOVAKIA, s.r.o. 
260 |c 2019 
650 4 |a riziko  |2 slo 
650 4 |a metódy riadenia rizík  |2 slo 
650 4 |a FMEA  |2 slo 
650 4 |a Bodová metóda  |2 slo 
650 4 |a risk  |2 eng 
650 4 |a methods of risk controlling  |2 eng 
650 4 |a FMEA  |2 eng 
650 4 |a Probalistic Risk Assessment methodology  |2 eng 
700 1 |a Szabová, Zuzana  |u 065000  |k Z2  |4 ths  |U MTF Materiálovotechnologická fakulta  |T MTF Ústav integrovanej bezpečnosti  |X 4741  |U M5000  |Y 85  |7 A000004741 
856 4 |u http://is.stuba.sk/zp/portal_zp.pl?podrobnosti=144136 
996 |c M* DP-13917  |l MMSKP  |s P  |a 0  |w stuzp74064_0001